=LDR 00000nam 2200000 4500 =001 NUTBA000000000000057 =005 20230221021822 =035 ##$$a 0010-031400000000056 =008 230221################g##########0#ind## =020 ##$$a 978-979-007-371-5 =082 ##$$a 345.023 =090 ##$$a 345.023 Sur s =100 ##$$a Surachmin =245 1#$$a Strategi & Teknik Korupsi : $b Mengetahui Untuk Mencegah /$c Surachman, SH., MH., Dr. Suhandi Cahaya, SH., MH., MBA. =250 ##$$a Ed. I =260 ##$$a Jakarta :$b Sinar Grafika,$c 2013 =300 ##$$a xi, 255 hlm ; $c 23 x 15 cm. =700 #$$a Cahaya, Suhandi =850 ##$$a NBPNMAT =084 ##$$a 345.023 SUR s =650 #4$$a Korupsi =990 ##$$a 21303217 =990 ##$$a 21303214 =990 ##$$a 21303216 =990 ##$$a 21303215 =990 ##$$a 21303218 =990 ##$$a 21303217 =990 ##$$a 21303214 =990 ##$$a 21303216 =990 ##$$a 21303215 =990 ##$$a 21303218